Statistiken für Länder Ozeaniens - 15 Sekunden Sprint

Klicken Sie hier um das Quiz zu spielen!

Allgemein

  • Dieses Quiz wurde 155 mal gespielt
  • Das Durchschnittsergebnis liegt bei 5 aus 14

Antworten auf der Karte

Die Antworten werden auf der Karte rot bzw. grün angezeigt, abhängig davon wie oft sie richtig erraten wurden.
 

Antwortstatistiken

Land% Korrekt
Australien
70%
Nauru
60%
Neuseeland
56%
Palau
56%
Fidschi
48%
Samoa
40%
Tuvalu
40%
Tonga
38%
Vanuatu
35%
Papua-Neuguinea
27%
Kiribati
24%
Mikronesien
24%
Salomonen
19%
Marshallinseln
13%

Verteilung der Resultate

Perzentil nach korrekt beantworteten Fragen

Anzahl Personen mit jedem Resultat

Ihre Resultats-Entwicklung

Sie haben dieses Quiz noch nicht gespielt